Daily Capital City Riddle #51 - Statistics

General Stats
  • This quiz has been taken 44 times
  • The average score is 30 of 35
Answer Stats
Type Answer % Correct
Alphabet Letter A
100%
Alphabet Letter B
100%
Found Letter E
97%
Found Letter I
97%
Found Letter N
97%
Alphabet Letter R
97%
Found Letter S
97%
Alphabet Letter D
95%
Alphabet Letter G
95%
Alphabet Letter O
95%
Alphabet Letter T
95%
Alphabet Letter C
92%
Found Letter L
92%
Alphabet Letter P
92%
Alphabet Letter U
92%
Found Letter K
89%
Alphabet Letter M
89%
Correctly Placed Letter N
89%
Found Letter H
86%
Alphabet Letter W
84%
Correctly Placed Letter I
81%
Alphabet Letter V
81%
Alphabet Letter X
81%
Alphabet Letter Y
81%
Correctly Placed Letter E
78%
Correctly Placed Letter I
78%
Alphabet Letter J
78%
Correctly Placed Letter L
78%
Correctly Placed Letter K
76%
Correctly Placed Letter S
76%
Correctly Placed Letter H
73%
Alphabet Letter F
70%
Mystery Capital Helsinki
70%
Alphabet Letter Q
70%
Alphabet Letter Z
70%
No matching quizzes found
Score Distribution
Percent of People with Each Score
Percentile by Number Answered
Your Score History
You have not taken this quiz